Film Industries Around The World With Hollywood Inspired Nicknames - Statistics

General Stats
  • This quiz has been taken 36 times
  • The average score is 6 of 15
Answer Stats
Hint Name of Industry % Correct
Mumbai based Hindi language film industry, India Bollywood
100%
Tamil language film industry, based in Chennai, India / Nepal’s film industry Kollywood
71%
Malayalam film industry in Kerala, India Mollywood
71%
Nigerian Film Industry Nollywood
65%
Bengali film industry in West Bengal, India / Telugu film industry in Andhra Pradesh and Telangana, India Tollywood
61%
US Film industry based in Los Angeles Hollywood
55%
Punjabi film industry in India and Pakistan Pollywood
52%
Urdu and Punjabi films of Pakistani film industry in Lahore Lollywood
42%
Kannada language film industry in Karnataka, India Sandalwood
29%
Australian Cinema Aussiewood
13%
Peruvian film industry Chollywood
13%
Kenyan Cinema Riverwood
3%
Film industry of Bangladesh Dhaliwood
0%
South Korean cinema Hallyuwood
0%
Brazilian Film industry based in Rio de Janeiro Sambawood
0%
No matching quizzes found
Score Distribution
Percent of People with Each Score
Percentile by Number Answered
Your Score History
You have not taken this quiz